01323nam a2200325 a 4500001001200000003000800012006001900020007001500039008004100054010001700095020003900112020002700151040002100178035002100199043001200220050002500232082001800257100002200275245008400297260004300381300001800424490007600442504004100518533015200559651004100711655002900752710001700781830007300798856012600871ebr10444483CaPaEBRm u cr cn|||||||||100804s2011 mdu sbe 000 0 eng d z 2010032049 z9780810867543 (cloth : alk. paper) z9780810875180 (e-book) aCaPaEBRcCaPaEBR a(OCoLC)705336445 aa-em---14aDS649.5b.G85 2011eb04a959.870032221 aGunn, Geoffrey C.10aHistorical dictionary of East Timorh[electronic resource] /cGeoffrey C. Gunn. aLanham, Md. :bScarecrow Press,c2011. axxxvi, 263 p.1 aHistorical dictionaries of Asia, Oceania, and the Middle East ;vno. 78 aIncludes bibliographical references. aElectronic reproduction.bPalo Alto, Calif. :cebrary,d2011.nAvailable via World Wide Web.nAccess may be limited to ebrary affiliated libraries. 0aTimor-LestexHistoryvEncyclopedias. 7aElectronic books.2local2 aebrary, Inc. 0aHistorical dictionaries of Asia, Oceania, and the Middle East ;v78.40uhttp://site.ebrary.com/lib/rucke/Doc?id=10444483zAn electronic book accessible through the World Wide Web; click to view